1620 1810 1604 1668 1129 1895 1668 1099 1648 1836 1569 1541 1954 1610 1014 1776 1598 1352 1644 1119 1757 1751 1866 1986 1277 1589 1769 1158 1586 1170 1581 1234 1531 1381 1606 1948 1515 1788 1548 1893 1594 1671 1613 1084 1599 1799 1201 1360 1619 1908 1242 1586 1553 1136 1146 1927 1512 1102 1427 1323 1443 1206 1153 1376 1307 1997 1138 1306 1957 1793 1472 1843 1316 1108 1132 1770 1553 1218 1543 1478 1879 1400 1056 1709 1148 1115 1221 1606 1904 1281 1146 1610 1028 1405 1424 1422 1357 1320 1528 BCNSPRNW ULIB Ver.6.0+V

เปลี่ยนเป็นภาษาไทย

Change to English
 แสดงรายละเอียดบรรณานุกรม
  กลับหน้าหลัก

Brief Record : Get Marc (ISO 2709) : E-mail record : QR code < ปิดหน้าต่าง
LEADER : 00000nam 2200000uu 4500
001    13399123460
003     ULIB
008    020711s2555 th a 000 0 tha d
020    9786167322445
060    WG169^bจ154ศ
100    จรัญ สายะสถิตย์
245    ศัลยศาสตร์โรคหัวใจที่พบบ่อย =^bCommon cardiac surgery /^cเรียบเรียงโดย จรัญ สายะสถิตย์
250    พิมพ์ครั้งที่ 1
260    กรุงเทพฯ :^bศูนย์โรคหัวใจ คณะแพทยศาสตร์ มหาวิทยาลัยนเรศวร,^c2555
300    136 หน้า;^b29.5 ซม.
650    โรคหัวใจ^xศัลยศาสตร์
710    มหาวิทยาลัยนเรศวร.^bคณะแพทยศาสตร์.^bศูนย์โรคหัวใจ
945    ^p250^l0^i20756
945    ^p250^l0^i20757
รายการนี้ยังไม่มีแท็ก
คุณยังไม่ได้ล็อกอิน คุณสามารถมีกิจกรรมร่วมกับเว็บไซต์ได้ แต่ต้องล็อกอินก่อน ::
  ล็อกอิน

รายการสื่อสารสนเทศ

ลำดับที่ ประเภท เลขเรียก/บาร์โค้ด สถานที่ สถานะ
1. วิทยาศาสตร์การแพทย์ และสุขภาพ
วิทยาศาสตร์การแพทย์ และสุขภาพ
สถานะ=หนังสือเก่า
WG169 จ154ศ ฉ.1 
  Barcode: 20756
ห้องสมุดวิทยาเขตนครสวรรค์
►ส่วนจัดเก็บหนังสือเก่า นว.
บนชั้น
  ขอยืม
2. วิทยาศาสตร์การแพทย์ และสุขภาพ
วิทยาศาสตร์การแพทย์ และสุขภาพ
สถานะ=หนังสือเก่า
WG169 จ154ศ ฉ.2 
  Barcode: 20757
ห้องสมุดวิทยาเขตนครสวรรค์
►ส่วนจัดเก็บหนังสือเก่า นว.
บนชั้น
  ขอยืม

รายการใกล้เคียง
    ผู้แต่ง [จรัญ สายะสถิตย์]

BibComment


ยังไม่เคยถูกคอมเมนท์

คอมเมนท์ทรัพยากรรายการนี้
  คอมเมนท์: ศัลยศาสตร์โรคหัวใ..


 Copyright 2026. Bcnsprnw @Library